000 00571nam a2200169Ia 4500
008 090711s9999 xx 000 0 und d
082 _b1487
100 _aसामंत बाळ (संपा.)
245 _aनिवडक अत्रे
260 _bकॉन्टीनेन्टल प्रकाशन
_c1997
300 _a545
600 _aसामंत बाळ (संपा.)
630 _aनिवडक अत्रे
700 _aसामंत बाळ (संपा.)
730 _aनिवडक अत्रे
942 _cBOOK
999 _c324968
_d324968